[Event "Naumburg Osteropen 9th"]
[Site "Naumburg Saale"]
[Date "2014.04.20"]
[Round "3.12"]
[White "Duensing, Hartwig"]
[Black "Baumert, Andre"]
[Result "1/2-1/2"]
[WhiteElo "1723"]
[BlackElo "1843"]
[PlyCount "45"]
[EventDate "2014.04.19"]
[EventType "swiss"]
[EventRounds "5"]
[EventCountry "GER"]
[SourceTitle "EXT 2020"]
[Source "ChessBase"]
[SourceDate "2019.10.17"]
[SourceVersion "1"]
[SourceVersionDate "2019.10.17"]
[SourceQuality "1"]

1. e4 c5 2. Nf3 e6 3. d4 cxd4 4. Nxd4 a6 5. Nc3 Qc7 6. Bd3 Nf6 7. 0-0 b5 8. Kh1 Bb7 9. f4 d6 10. a3 Nbd7 11. Nf3 h5 12. Nh4 0-0-0 13. Be3 Nc5 14. e5 Ng4 15. Bxc5 Qxc5 16. Qe2 Kb8 17. exd6 Bxd6 18. Ne4 Qc6 19. Nxd6 Rxd6 20. h3 Nf6 21. Nf3 Nd5 22. Ne5 Qc7 23. c4 1/2-1/2

[Event "Leipzig VfB op 20th"]
[Site "Leipzig"]
[Date "2013.03.08"]
[Round "6"]
[White "Baumert, Andre"]
[Black "Ehrich, Dieter"]
[Result "1-0"]
[WhiteElo "1860"]
[BlackElo "1720"]
[PlyCount "85"]
[EventDate "2013.03.05"]
[EventType "swiss"]
[EventRounds "9"]
[EventCountry "GER"]
[SourceTitle "EXT 2014"]
[Source "ChessBase"]
[SourceDate "2013.11.20"]
[SourceVersion "1"]
[SourceVersionDate "2013.11.20"]
[SourceQuality "1"]

1. Nf3 b6 2. g3 Bb7 3. Bg2 Nf6 4. c4 e6 5. Nc3 Bb4 6. 0-0 Bxc3 7. bxc3 0-0 8. d3 d6 9. Qc2 Nbd7 10. Rb1 Re8 11. a4 c5 12. a5 Rc8 13. axb6 axb6 14. Bg5 h6 15. Bd2 Ng4 16. Rb2 Nge5 17. Nxe5 Bxg2 18. Nxf7 Kxf7 19. Kxg2 Rf8 20. Ra2 Kg8 21. e4 Qf6 22. Be3 Ne5 23. Qe2 Nf3 24. Ra3 e5 25. Rb1 Qg6 26. Qf1 Qh5 27. h3 Qg6 28. Rxb6 Nh4+ 29. Kh2 Nf3+ 30. Kh1 Rf6 31. Ra7 Rcf8 32. Rbb7 Nd2 33. Rxg7+ Qxg7 34. Rxg7+ Kxg7 35. Qc1 Rxf2 36. Bxf2 Rxf2 37. Qb2 Nxe4 38. Qb7+ Kf6 39. Qxe4 Rc2 40. g4 Kg5 41. d4 Rxc3 42. dxe5 Kh4 43. Qe1+ 1-0

[Event "Leipzig VfB op 20th"]
[Site "Leipzig"]
[Date "2013.03.06"]
[Round "3"]
[White "Just, Joachim"]
[Black "Baumert, Andre"]
[Result "1/2-1/2"]
[WhiteElo "2033"]
[BlackElo "1860"]
[PlyCount "42"]
[EventDate "2013.03.05"]
[EventType "swiss"]
[EventRounds "9"]
[EventCountry "GER"]
[SourceTitle "EXT 2014"]
[Source "ChessBase"]
[SourceDate "2013.11.20"]
[SourceVersion "1"]
[SourceVersionDate "2013.11.20"]
[SourceQuality "1"]

1. g3 c5 2. f4 d5 3. Bg2 Nf6 4. Nf3 Bf5 5. 0-0 Qc8 6. c3 Bh3 7. Qa4+ Nc6 8. Ne5 Bxg2 9. Kxg2 a6 10. Na3 b5 11. Nxb5 axb5 12. Qxb5 Ra6 13. Qxc5 e6 14. Qb5 Be7 15. d3 0-0 16. Nxc6 Rxc6 17. Bd2 Qa8 18. Qb3 d4 19. Rf3 Rb8 20. Qc2 dxc3 21. Bxc3 Bb4 1/2-1/2

[Event "Leipzig VfB op 18th"]
[Site "Leipzig"]
[Date "2011.03.27"]
[Round "9"]
[White "Baumert, Andre"]
[Black "Pietzsch, Manuel"]
[Result "1/2-1/2"]
[WhiteElo "1912"]
[BlackElo "2081"]
[PlyCount "83"]
[EventDate "2011.03.20"]
[EventType "swiss"]
[EventRounds "9"]
[EventCountry "GER"]
[SourceTitle "CBM 141 Extra"]
[Source "ChessBase"]
[SourceDate "2011.05.03"]
[SourceVersion "1"]
[SourceVersionDate "2011.05.03"]
[SourceQuality "1"]

1. Nf3 g6 2. c4 Bg7 3. g3 Nf6 4. Nc3 0-0 5. Bg2 d6 6. 0-0 e5 7. d3 c6 8. h3 h6 9. e4 Nh7 10. Be3 f5 11. Qd2 g5 12. exf5 Bxf5 13. Ne1 Nd7 14. f4 gxf4 15. gxf4 Qh4 16. Nf3 Qh5 17. Kf2 exf4 18. Bxf4 Bxd3 19. Qxd3 Rxf4 20. Kg1 Qc5+ 21. Kh1 Re8 22. Rae1 Ne5 23. Nxe5 Rxf1+ 24. Qxf1 dxe5 25. Ne4 Qf8 26. Qxf8+ Rxf8 27. Rd1 Nf6 28. Nxf6+ Bxf6 29. Rd7 Rf7 30. Rxf7 Kxf7 31. Be4 Bh4 32. Kg2 Kf6 33. Kf3 h5 34. Bd3 Be1 35. Ke4 h4 36. Be2 Bf2 37. Bg4 Bd4 38. b3 a5 39. Bc8 b6 40. Bd7 c5 41. Bg4 Kg5 42. a4 1/2-1/2

[Event "Leipzig VfB op 18th"]
[Site "Leipzig"]
[Date "2011.03.22"]
[Round "1"]
[White "Baumert, Andre"]
[Black "Zeller, Frank"]
[Result "0-1"]
[WhiteElo "1912"]
[BlackElo "2419"]
[PlyCount "102"]
[EventDate "2011.03.20"]
[EventType "swiss"]
[EventRounds "9"]
[EventCountry "GER"]
[SourceTitle "CBM 141 Extra"]
[Source "ChessBase"]
[SourceDate "2011.05.03"]
[SourceVersion "1"]
[SourceVersionDate "2011.05.03"]
[SourceQuality "1"]

1. c4 Nf6 2. Nf3 c5 3. g3 b6 4. Bg2 Bb7 5. Nc3 e6 6. 0-0 Be7 7. Re1 d6 8. e4 Nbd7 9. d4 cxd4 10. Nxd4 Qc7 11. Be3 0-0 12. Rc1 Rac8 13. f4 Qb8 14. Qe2 Qa8 15. Bf2 Rfe8 16. g4 g6 17. Bg3 Bf8 18. b3 a6 19. h3 e5 20. fxe5 Nxe5 21. Nf3 Ned7 22. Nd2 Nc5 23. Qf3 Bg7 24. Nd5 Bxd5 25. exd5 Qb8 26. Rf1 Qc7 27. Rce1 b5 28. Bh4 Rxe1 29. Rxe1 Nfd7 30. Re7 Ne5 31. Qf1 Qb6 32. Kh1 Rf8 33. Bf6 Bxf6 34. Qxf6 Ncd7 35. Qh4 Qe3 36. Ne4 Qc1+ 37. Kh2 Qf4+ 38. Kh1 h6 39. Qf2 Qxf2 40. Nxf2 bxc4 41. bxc4 Rd8 42. c5 Nxc5 43. Ne4 Ncd7 44. Nxd6 Kf8 45. Rxe5 Nxe5 46. Nb7 Rc8 47. d6 f5 48. gxf5 gxf5 49. Bd5 f4 50. Be6 Rc2 51. Kg1 Kg7 0-1

[Event "Leipzig VfB op 16th"]
[Site "Leipzig"]
[Date "2009.04.04"]
[Round "7"]
[White "Shahin, Walid"]
[Black "Baumert, Andre"]
[Result "1-0"]
[WhiteElo "2078"]
[BlackElo "1899"]
[PlyCount "55"]
[EventDate "2009.03.31"]
[EventType "swiss"]
[EventRounds "9"]
[EventCountry "GER"]
[SourceTitle "EXT 2010"]
[Source "ChessBase"]
[SourceDate "2010.11.25"]
[SourceVersion "1"]
[SourceVersionDate "2010.11.25"]
[SourceQuality "1"]

1. d4 Nf6 2. c4 e6 3. Nf3 Bb4+ 4. Bd2 Qe7 5. g3 Nc6 6. Bg2 0-0 7. 0-0 Ne4 8. Bc1 d6 9. a3 Ba5 10. Qc2 f5 11. b4 Bb6 12. c5 dxc5 13. dxc5 Nxc5 14. bxc5 Bxc5 15. Bb2 e5 16. Rd1 e4 17. Nd4 Nxd4 18. Bxd4 Bxd4 19. Rxd4 c5 20. Rd1 Be6 21. Nc3 Qf7 22. Rd6 Bb3 23. Qd2 b6 24. Rd7 Qf6 25. Rb1 c4 26. Nd5 Qe5 27. Re7 c3 28. Qxc3 1-0

[Event "Jena Schwarzer Baer op"]
[Site "Jena"]
[Date "2009.02.07"]
[Round "3"]
[White "Kuenne, Lutz Dieter"]
[Black "Baumert, Andre"]
[Result "1/2-1/2"]
[WhiteElo "1586"]
[BlackElo "1893"]
[PlyCount "53"]
[EventDate "2009.02.04"]
[EventType "swiss"]
[EventRounds "7"]
[EventCountry "GER"]
[SourceTitle "EXT 2010"]
[Source "ChessBase"]
[SourceDate "2010.11.25"]
[SourceVersion "1"]
[SourceVersionDate "2010.11.25"]
[SourceQuality "1"]

1. e4 c5 2. Nc3 a6 3. g3 b5 4. Bg2 Bb7 5. d3 e6 6. f4 d6 7. Nf3 Be7 8. 0-0 Nc6 9. Be3 Nf6 10. h3 b4 11. Ne2 Qc7 12. c3 a5 13. Qc2 0-0 14. Rad1 Ba6 15. c4 Bb7 16. b3 Nd7 17. d4 cxd4 18. Nexd4 Nxd4 19. Nxd4 Nc5 20. Nb5 Qb8 21. Nd4 Ra6 22. Ne2 Qa8 23. Bxc5 dxc5 24. Nc1 Bc6 25. e5 g5 26. Bxc6 Qxc6 27. Qg2 1/2-1/2

[Event "Leipzig VfB op 15th"]
[Site "Leipzig"]
[Date "2008.02.29"]
[Round "5"]
[White "Huelle, Gunter"]
[Black "Baumert, Andre"]
[Result "1/2-1/2"]
[WhiteElo "1795"]
[BlackElo "1948"]
[PlyCount "29"]
[EventDate "2008.02.26"]
[EventType "swiss"]
[EventRounds "9"]
[EventCountry "GER"]
[SourceTitle "CBM 123 Extra"]
[Source "ChessBase"]
[SourceDate "2008.05.06"]
[SourceVersion "1"]
[SourceVersionDate "2008.05.06"]
[SourceQuality "1"]

1. b4 e6 2. Bb2 Nf6 3. b5 d5 4. e3 c5 5. c4 b6 6. Nf3 Bb7 7. Be2 Nbd7 8. 0-0 Qc7 9. a4 Bd6 10. g3 0-0 11. Qc2 dxc4 12. Na3 Ne5 13. Nxe5 Bxe5 14. Nxc4 Bxb2 15. Qxb2 1/2-1/2

[Event "Leipzig VfB op 15th"]
[Site "Leipzig"]
[Date "2008.02.28"]
[Round "4"]
[White "Baumert, Andre"]
[Black "Filipiak, Thomas"]
[Result "0-1"]
[WhiteElo "1948"]
[BlackElo "2104"]
[PlyCount "72"]
[EventDate "2008.02.26"]
[EventType "swiss"]
[EventRounds "9"]
[EventCountry "GER"]
[SourceTitle "CBM 123 Extra"]
[Source "ChessBase"]
[SourceDate "2008.05.06"]
[SourceVersion "1"]
[SourceVersionDate "2008.05.06"]
[SourceQuality "1"]

1. c4 d6 2. Nc3 f5 3. d4 Nf6 4. Nf3 g6 5. Bg5 Bg7 6. Qc1 c6 7. Bh6 0-0 8. Bxg7 Kxg7 9. e3 Qc7 10. d5 Nbd7 11. Nd4 Nc5 12. b4 Nce4 13. Nxe4 Nxe4 14. Qb2 Kg8 15. h4 h5 16. Bd3 Nf6 17. dxc6 bxc6 18. c5 d5 19. Nf3 Ng4 20. Ng5 e5 21. Qd2 Bd7 22. f3 Nf6 23. 0-0 e4 24. Bc2 Rae8 25. f4 Bc8 26. Bd1 Ba6 27. Be2 Qb7 28. Rfb1 Bd3 29. Bxd3 exd3 30. Qxd3 Ng4 31. Re1 Qxb4 32. Qd4 Qa3 33. Rab1 Qxa2 34. Rb2 Qa5 35. Nf3 Re4 36. Qb4 Rxb4 0-1

[Event "Leipzig VfB op 15th"]
[Site "Leipzig"]
[Date "2008.02.28"]
[Round "3"]
[White "Schmidt, Joerg"]
[Black "Baumert, Andre"]
[Result "1/2-1/2"]
[WhiteElo "2117"]
[BlackElo "1948"]
[PlyCount "31"]
[EventDate "2008.02.26"]
[EventType "swiss"]
[EventRounds "9"]
[EventCountry "GER"]
[SourceTitle "CBM 123 Extra"]
[Source "ChessBase"]
[SourceDate "2008.05.06"]
[SourceVersion "1"]
[SourceVersionDate "2008.05.06"]
[SourceQuality "1"]

1. e4 c5 2. Nf3 e6 3. d4 cxd4 4. Nxd4 a6 5. c4 b6 6. Be3 Bb7 7. Nc3 Qc7 8. Bd3 d6 9. 0-0 Nd7 10. Rc1 Ngf6 11. f3 Be7 12. b3 0-0 13. Bb1 Rac8 14. Qe1 Qb8 15. Qf2 Rfe8 16. Rfd1 1/2-1/2

[Event "Leipzig VfB op 14th"]
[Site "Leipzig"]
[Date "2007.03.24"]
[Round "8"]
[White "Baumert, Andre"]
[Black "Staffeldt, Sven"]
[Result "1-0"]
[WhiteElo "1906"]
[BlackElo "1577"]
[PlyCount "99"]
[EventDate "2007.03.20"]
[EventType "swiss"]
[EventRounds "9"]
[EventCountry "GER"]
[SourceTitle "EXT 2008"]
[Source "ChessBase"]
[SourceDate "2007.11.25"]
[SourceVersion "1"]
[SourceVersionDate "2007.11.25"]
[SourceQuality "1"]

1. Nf3 Nf6 2. c4 c5 3. g3 Nc6 4. Bg2 g6 5. b3 Bg7 6. Bb2 0-0 7. a3 d6 8. 0-0 Bd7 9. d4 cxd4 10. Nxd4 Qc8 11. Re1 Bh3 12. Bh1 Ng4 13. Nxc6 bxc6 14. Bxg7 Kxg7 15. Qd4+ e5 16. Qe4 Qd8 17. Qxc6 Rc8 18. Qf3 f5 19. Nd2 Qf6 20. Rac1 Qg5 21. Qd3 Rf6 22. Bg2 Qh6 23. Bxh3 Qxh3 24. Nf1 e4 25. Qd4 Ne5 26. Rc3 Qg4 27. Ne3 Qh3 28. Qxa7+ Kh8 29. Qd4 g5 30. c5 f4 31. cxd6 fxe3 32. Rxc8+ Kg7 33. Rc7+ Kh6 34. Rf1 Ng4 35. Qxf6+ Nxf6 36. f3 exf3 37. exf3 g4 38. f4 Ne4 39. d7 Nxg3 40. Re1 e2 41. Rcc1 Nf1 42. Rxe2 Qd3 43. Re7 Nxh2 44. Rc6+ Kh5 45. Rxh7+ Qxh7 46. Rc5+ Kh6 47. d8Q Nf3+ 48. Kf2 g3+ 49. Kxf3 g2 50. Qf6+ 1-0

[Event "Leipzig VfB op 14th"]
[Site "Leipzig"]
[Date "2007.03.22"]
[Round "4"]
[White "Baumert, Andre"]
[Black "Spradley, Julian"]
[Result "1/2-1/2"]
[WhiteElo "1906"]
[BlackElo "1447"]
[PlyCount "84"]
[EventDate "2007.03.20"]
[EventType "swiss"]
[EventRounds "9"]
[EventCountry "GER"]
[SourceTitle "EXT 2008"]
[Source "ChessBase"]
[SourceDate "2007.11.25"]
[SourceVersion "1"]
[SourceVersionDate "2007.11.25"]
[SourceQuality "1"]

1. Nf3 d5 2. g3 e6 3. c4 c6 4. b3 Nf6 5. Bb2 Nbd7 6. Bg2 Bd6 7. d3 0-0 8. 0-0 Qc7 9. Nbd2 b6 10. Rc1 Bb7 11. cxd5 Nxd5 12. Nc4 Rac8 13. Nxd6 Qxd6 14. Qd2 c5 15. Rfd1 e5 16. Bh3 f6 17. Bg2 Ne7 18. Nxe5 Bxg2 19. Nxd7 Qxd7 20. Kxg2 Rfd8 21. b4 c4 22. Qe1 cxd3 23. Rxc8 Qxc8 24. Rxd3 Kf7 25. Rxd8 Qxd8 26. a3 Qc7 27. Qc3 Qxc3 28. Bxc3 Nd5 29. Bd4 Ke6 30. e4 Nc7 31. f4 Nb5 32. Bb2 Nd6 33. Kf3 Nc4 34. Bc1 b5 35. Ke2 h5 36. Kd3 a6 37. a4 g6 38. axb5 axb5 39. Kd4 Kd6 40. Be3 Kc6 41. f5 gxf5 42. exf5 Nd6 1/2-1/2

[Event "Leipzig VfB op 14th"]
[Site "Leipzig"]
[Date "2007.03.21"]
[Round "2"]
[White "Baumert, Andre"]
[Black "Nittschalk, Karl"]
[Result "1/2-1/2"]
[WhiteElo "1906"]
[BlackElo "1484"]
[PlyCount "61"]
[EventDate "2007.03.20"]
[EventType "swiss"]
[EventRounds "9"]
[EventCountry "GER"]
[SourceTitle "EXT 2008"]
[Source "ChessBase"]
[SourceDate "2007.11.25"]
[SourceVersion "1"]
[SourceVersionDate "2007.11.25"]
[SourceQuality "1"]

1. c4 e5 2. b3 Be7 3. e3 Nc6 4. a3 Nf6 5. Bb2 d6 6. Qc2 Be6 7. d3 h6 8. Nf3 Nh7 9. Nbd2 f5 10. Be2 Bf6 11. Rc1 0-0 12. 0-0 Qe7 13. Rfe1 g5 14. h3 Qg7 15. Nh2 g4 16. hxg4 fxg4 17. Ne4 h5 18. Nxf6+ Rxf6 19. f4 gxf3 20. Bxf3 Ng5 21. Rf1 Raf8 22. Kh1 Qg6 23. Qe2 Nxf3 24. gxf3 Kh7 25. Rg1 Qf7 26. Rg3 Rg8 27. Rcg1 Rxg3 28. Rxg3 Rg6 29. Qg2 Rxg3 30. Qxg3 Qg6 31. Qxg6+ 1/2-1/2

[Event "Jena Schwarzer Baer op"]
[Site "Jena"]
[Date "2007.02.06"]
[Round "6"]
[White "Baumert, Andre"]
[Black "Neumann, Thomas"]
[Result "1-0"]
[WhiteElo "1920"]
[BlackElo "1656"]
[PlyCount "35"]
[EventDate "2007.02.03"]
[EventType "swiss"]
[EventRounds "7"]
[EventCountry "GER"]
[SourceTitle "EXT 2008"]
[Source "ChessBase"]
[SourceDate "2007.11.25"]
[SourceVersion "1"]
[SourceVersionDate "2007.11.25"]
[SourceQuality "1"]

1. c4 Nf6 2. Nf3 b6 3. g3 Bb7 4. Bg2 e6 5. 0-0 d5 6. d4 dxc4 7. Qa4+ Nbd7 8. Qxc4 Bd6 9. Nc3 c6 10. e4 Bc7 11. e5 Nd5 12. Bg5 f6 13. exf6 gxf6 14. Bh6 Qe7 15. Rfe1 Kd8 16. Bh3 f5 17. Bg5 N7f6 18. Bxf5 1-0

[Event "Gotha op 8th"]
[Site "Gotha"]
[Date "2006.11.16"]
[Round "7"]
[White "Baumert, Andre"]
[Black "Reimann, Hubert"]
[Result "0-1"]
[WhiteElo "1908"]
[BlackElo "1954"]
[PlyCount "50"]
[EventDate "2006.11.13"]
[EventType "swiss"]
[EventRounds "9"]
[EventCountry "GER"]
[SourceTitle "EXT 2008"]
[Source "ChessBase"]
[SourceDate "2007.11.25"]
[SourceVersion "1"]
[SourceVersionDate "2007.11.25"]
[SourceQuality "1"]

1. Nf3 c5 2. c4 d6 3. Nc3 g6 4. b3 Bg7 5. Bb2 e5 6. d3 f5 7. Qc2 Nc6 8. e3 Nf6 9. g3 0-0 10. Bg2 h6 11. h4 f4 12. 0-0-0 fxg3 13. fxg3 Nh5 14. Ne4 Bf5 15. Rhg1 Nb4 16. Qd2 Nxa2+ 17. Kb1 Nb4 18. Bh1 Bg4 19. Rdf1 Qa5 20. Bc3 Qa3 21. Qd1 a5 22. Rf2 a4 23. Bxb4 Qxb4 24. Rb2 axb3 25. Rxb3 Qa4 0-1

[Event "Gotha op 8th"]
[Site "Gotha"]
[Date "2006.11.13"]
[Round "1"]
[White "Stuemer, Paul"]
[Black "Baumert, Andre"]
[Result "1-0"]
[WhiteElo "2143"]
[BlackElo "1908"]
[PlyCount "47"]
[EventDate "2006.11.13"]
[EventType "swiss"]
[EventRounds "9"]
[EventCountry "GER"]
[SourceTitle "EXT 2008"]
[Source "ChessBase"]
[SourceDate "2007.11.25"]
[SourceVersion "1"]
[SourceVersionDate "2007.11.25"]
[SourceQuality "1"]

1. c4 c5 2. g3 e6 3. Bg2 Qc7 4. Nf3 b6 5. Nc3 a6 6. 0-0 Bb7 7. e4 d6 8. d3 Nd7 9. Ng5 Ngf6 10. f4 g6 11. f5 exf5 12. exf5 Bxg2 13. Kxg2 Qc6+ 14. Qf3 Qxf3+ 15. Rxf3 Ne5 16. Rf1 Bg7 17. Nce4 Ke7 18. Bf4 Nh5 19. Bxe5 Bxe5 20. fxg6 f6 21. Nxh7 Rag8 22. Rf5 Ng7 23. Rxf6 Bxf6 24. Nexf6 1-0